| 000 | 01391nam a2200373Ia 4500 | ||
|---|---|---|---|
| 001 | ebr10135410 | ||
| 003 | CaPaEBR | ||
| 006 | m u | ||
| 007 | cr cn||||||||| | ||
| 008 | 050317s2005 enka sb 001 0 eng d | ||
| 010 | _z 2005045966 | ||
| 015 |
_aGBA584206 _2bnb |
||
| 020 | _z1403977127 | ||
| 020 | _z1403969469 (hc) | ||
| 020 | _z1403969477 (pbk.) | ||
| 040 |
_aCaPaEBR _cCaPaEBR |
||
| 035 | _a(OCoLC)560189141 | ||
| 050 | 1 | 4 |
_aHQ1762 _b.B334 2005eb |
| 245 | 0 | 0 |
_aBad girls of Japan _h[electronic resource] / _cedited by Laura Miller and Jan Bardsley. |
| 250 | _a1st ed. | ||
| 260 |
_aHoundmills, Balsingstoke, Hampshire ; _aNew York : _bPalgrave Macmillan, _c2005. |
||
| 300 |
_axii, 222 p. : _bill. |
||
| 504 | _aIncludes bibliographical references (p. [197]-210) and index. | ||
| 533 |
_aElectronic reproduction. _bPalo Alto, Calif. : _cebrary, _d2009. _nAvailable via World Wide Web. _nAccess may be limited to ebrary affiliated libraries. |
||
| 650 | 0 |
_aWomen _zJapan _xSocial conditions. |
|
| 650 | 0 |
_aSex role _zJapan. |
|
| 650 | 0 |
_aFeminism _zJapan. |
|
| 650 | 0 |
_aWomen _xPsychology. |
|
| 655 | 7 |
_aElectronic books. _2local |
|
| 700 | 1 |
_aMiller, Laura, _d1953- |
|
| 700 | 1 | _aBardsley, Jan. | |
| 710 | 2 | _aebrary, Inc. | |
| 856 | 4 | 0 |
_uhttp://site.ebrary.com/lib/rucke/Doc?id=10135410 _zAn electronic book accessible through the World Wide Web; click to view |
| 999 |
_c85061 _d85061 |
||